大阪駅を出発する列車の行先 - Statistics

General Stats
  • This quiz has been taken 20 times
  • The average score is 47 of 49
Answer Stats
路線 行先 % Correct
東海道本線 新大阪
100%
東海道本線 吹田
100%
東海道本線 高槻
100%
東海道本線 京都
100%
東海道本線 草津
100%
東海道本線 野洲
100%
東海道本線 米原
100%
東海道本線 東京
100%
湖西線 近江今津
100%
北陸本線 長浜
100%
北陸本線 敦賀
100%
高山本線 高山
100%
東海道本線 神戸
100%
山陽本線 須磨
100%
山陽本線 西明石
100%
山陽本線 加古川
100%
山陽本線 姫路
100%
赤穂線 播州赤穂
100%
福知山線 宝塚
100%
福知山線 福知山
100%
山陰本線 城崎温泉
100%
北陸本線 近江塩津
95%
東海道本線 尼崎
95%
東海道本線 甲子園口
95%
山陽本線 上郡
95%
福知山線 篠山口
95%
山陰本線 鳥取
95%
山陰本線 倉吉
95%
大阪環状線 天王寺
95%
阪和線 和歌山
95%
関西空港線 関西空港
95%
紀勢本線 海南
95%
紀勢本線 御坊
95%
紀勢本線 白浜
95%
紀勢本線 新宮
95%
桜島線 桜島
95%
関西本線 奈良
95%
関西本線 加茂
95%
おおさか東線 久宝寺
95%
山陽本線 網干
89%
福知山線 新三田
89%
大阪環状線 京橋
89%
阪和線 日根野
89%
山陰本線 豊岡
84%
山陰本線 香住
84%
阪和線
84%
和歌山線 高田
84%
阪和線 東岸和田
79%
和歌山線 五条
79%
No matching quizzes found
Score Distribution
Percent of People with Each Score
Percentile by Number Answered
Your Score History
You have not taken this quiz